Miembros de la Unión Económica Euroasiática - Estadísticas

Estadísticas generales
  • Esta prueba ha sido intentada 28 veces
    13 desde el último reinicio
  • La puntuación promedio es 7 de 9
Estadísticas de respuestas
Año País % Correcto
Kazajistán
92%
Rusia
92%
2015 Armenia
83%
2024 Irán
83%
Kirguistán
83%
2020 Uzbekistán
83%
Bielorrusia
67%
2017 Moldavia
42%
2020 Cuba
25%
No se encontraron pruebas coincidentes
Distribución de puntuación
Porcentaje de gente con cada puntuación
Porcentaje por número respondido
Historial de tus puntuaciones
No has intentado esta prueba desde el último reinicio